000 00821nam a2200313 i 4500
001 bgj
100 1 _aFITZGERALD, Francis Scott
_d(1896-1940).
245 1 0 _aThe Great Gatsby /
_cF. Scott Fitzgerald.
260 _aLondon :
_bPenguin Books,
_c1994.
300 _a187, [1] pp ;
_c19 cm.
490 1 _aPenguin Popular Classics ;
_v25
650 9 _aTraffic accidents
650 9 _aMarried women
650 9 _aFirst loves
650 9 _aRich people
650 9 _aMistress
650 9 _aRevenge
650 9 _aPsychological fiction
650 9 _aLove stories
651 9 _aLong Island, NY
655 _aFiction
830 _aPenguin Popular Classics ;
020 _a0140620184
040 _cBPK
041 0 _aeng
920 _a0-14-062018-4
942 _cKS
008 s uk f |000 0 eng
999 _c48010
_d48010
856 _uhttp://koha.tu.koszalin.pl/cgi-bin/koha/opac-detail.pl?biblionumber=48010
_yKatalog online BPK